000 02151cam a2200337 4500500
005 20251228053401.0
041 _afre
042 _adc
100 1 0 _aBlanquie, Christophe
_eauthor
245 0 0 _aL'histoire en procès
260 _c2006.
500 _a27
520 _aRésuméL’arrêt que le Grand Conseil rend le 7 septembre 1694 témoigne d’un siècle de procès et présente les titres les plus anciens de l’ordre de Malte et du seigneur de l’ancienne bastide royale de Castelnau-sur-Gupie. Les contestations qui retardent son exécution permettent aussi de saisir les calculs des Hospitaliers puis de mesurer les conséquences du compromis auquel ils se rallient finalement. Le dossier ainsi réuni illustre combien les archives judiciaires peuvent, en ouvrant son histoire sur la longue durée, enrichir la connaissance d’un terroir et éclairer les choix de ses seigneurs, administrateurs ou exploitants.
520 _aIn 1694, a judgement by the Grand Conseil settled conflicting claims over Castelnau, a former royal fortified town, over which the Order of Hospitallers and the local Counts had been fighting for a century. The diplomas and title deeds described by the judges tell two different tales on the origins of Castelnau. But the decision did not wholly put the case to rest, and the issues raised by its application called for a hotly contested compromise. Judicial archives can thus not only reveal the forgotten history of an estate, but they also explain how its lords or tenants made some of their choices.
690 _aarchives judiciaries
690 _abastides
690 _abaux
690 _aGrand Conseil
690 _aGuyenne
690 _aordre de Malte
690 _aSeigneurie
690 _abastides
690 _aGrand Conseil
690 _aGuyenne
690 _aland leases
690 _aLegal archives
690 _aOrder of Malta
690 _aSeignory
786 0 _nHistoire & Sociétés Rurales | 25 | 1 | 2006-07-06 | p. 69-114 | 1254-728X
856 4 1 _uhttps://shs.cairn.info/revue-histoire-et-societes-rurales-2006-1-page-69?lang=fr&redirect-ssocas=7080
999 _c1585313
_d1585313